Turisme industrial a prop de Barcelona = Industrial tourism close to Barcelona
Publicado:
Barcelona :
Diputació de Barcelona, Xarxa de Municipis, [Oficina de Promoció Turística] ,
2003
Descripción Física:
il. col. ; 26 cm
Colección:
Turisme A Prop de Barcelona
MARC
| LEADER | 00000nam a2200000Ia 4500 | ||
|---|---|---|---|
| 001 | 16651, 19428, 19429, 22058, 19908, 21726 | ||
| 008 | 160829s2003 - xx 000 0 cat d | ||
| 952 | |0 0 |1 0 |4 0 |6 M567_M5443_M5444_M6283_M5493_M6227 |7 1 |9 49026 |a Arxiu |b Arxiu |d 2016-12-01 |l 0 |o M-5-67, M-5-443, M-5-444, M-6-283, M-5-493, M-6-227 |p 16651, 19428, 19429, |r 2016-12-01 00:00:00 |w 2016-12-01 |y ARXIU | ||
| 952 | |0 0 |1 0 |4 0 |5 0 |6 OTT_F00401102008 |7 1 |8 Paper |9 59187 |a TURISME |b TURISME |d 2018-07-27 |h 2008 |l 0 |o OTT F.004.01-10(2008) |p TURISME18070781 |r 2018-07-27 00:00:00 |t 1 |w 2018-07-27 |y DIRECTORIS | ||
| 952 | |0 0 |1 0 |4 0 |5 0 |6 OTT_F00402182009 |7 1 |8 Paper |9 59206 |a TURISME |b TURISME |d 2018-07-27 |h 2009 |l 0 |o OTT F.004.02-18(2009) |p TURISME18070800 |r 2018-07-27 00:00:00 |t 1 |w 2018-07-27 |y DIRECTORIS | ||
| 999 | |c 52862 |d 52862 | ||
| 080 | |a M-5-67, M-5-443, M-5-444, M-6-283, M-5-493, M-6-227 | ||
| 245 | |a Turisme industrial a prop de Barcelona = Industrial tourism close to Barcelona | ||
| 246 | 1 | 1 | |a Industrial tourism close to Barcelona |
| 260 | |a Barcelona : |b Diputació de Barcelona, Xarxa de Municipis, [Oficina de Promoció Turística], |c 2003 - | ||
| 300 | |a il. col. ; |c 26 cm | ||
| 490 | 1 | |a A prop de Barcelona | |
| 500 | |a A partir de 2009, edició: Diputació de Barcelona. Delegació de Turisme. | ||
| 546 | |a Text bilingüe en català i anglès. | ||
| 590 | |a A la portada: Turisme a Prop de Barcelona. | ||
| 590 | |a Inclou mapa de situació i directori d'Oficines de Turisme. | ||
| 590 | |a Hi ha un exemplar del 2003 en castellà amb R. 16652 | ||
| 650 | 0 | |a Turisme |z Barcelona (Província) |v Guies |9 31526 | |
| 650 | |a Turisme industrial |x Barcelona (Província) |x Guies |9 21990 | ||
| 651 | 0 | |a Barcelona (Catalunya : Província) |9 50918 | |
| 710 | 1 | |a Barcelona (Catalunya : Província). |b Àrea de Desenvolupament Econòmic. |b Delegació de Turisme |9 51291 | |
| 710 | 1 | |a Barcelona (Catalunya : Província). |b Oficina de Promoció Turística |9 51402 | |
| 830 | 1 | |9 51507 |a Turisme A Prop de Barcelona | |
| 866 | |a 2003, 2005, 2006, 2007, 2008, 2009 | ||
| 901 | |a Arxiu | ||
| 942 | |n 1 |2 udc | ||